Great leaders of BJP/ (Record no. 172891)

MARC details
000 -LEADER
fixed length control field 00600nam a22002057a 4500
005 - DATE AND TIME OF LATEST TRANSACTION
control field 20200214130920.0
008 - FIXED-LENGTH DATA ELEMENTS--GENERAL INFORMATION
fixed length control field 080922t xxu||||| |||| 00| 0 eng d
010 ## - LCCN (DPL NO)
LC control number ENG-127840
020 ## - INTERNATIONAL STANDARD BOOK NUMBER
Terms of availability 600.00
035 ## - SYSTEM CONTROL NUMBER
System control number EN-111372
037 ## - SOURCE OF ACQUISITION
Source of stock number/acquisition DBAD / PUB
040 ## - CATALOGING SOURCE
Language of cataloging English
082 ## - DEWEY DECIMAL CLASSIFICATION NUMBER
Classification number 920
100 ## - MAIN ENTRY--PERSONAL NAME
Personal name Gupta,M.C
245 ## - TITLE STATEMENT
Title Great leaders of BJP/
Statement of responsibility, etc by M.C.Gupta
260 ## - PUBLICATION, DISTRIBUTION, ETC. (IMPRINT)
Place of publication, distribution, etc Delhi
Name of publisher, distributor, etc Laxmi book house
Date of publication, distribution, etc 2019
270 ## - ADDRESS
Address 528/2-K/1-A,1st floor,plot No-15.Gali No.-05,Vishwas Nagar,Shahdara
City Delhi
Postal code 110032
300 ## - PHYSICAL DESCRIPTION
Extent 192p.
Dimensions 22cm(hb)
942 ## - ADDED ENTRY ELEMENTS (KOHA)
Source of classification or shelving scheme Dewey Decimal Classification
Item type English Books
Call number suffix GUP
Classification part 920
Holdings
Withdrawn status Lost status Source of classification or shelving scheme Damaged status Not for loan Collection code Home library Current library Date acquired Source of acquisition Cost, normal purchase price Total Checkouts Full call number Barcode Date last seen Copy number Cost, replacement price Koha item type
    Dewey Decimal Classification     Non-fiction Central Library Central Library 14/02/2020 DBAD/PUB 600.00   920 GUP EN-111372 14/02/2020 1 600.00 English Books

© Delhi Public Library
Hit Counter
free hit counter